000 00457nam a2200169 i 4500
001 45655
003 ES-MaACL
005 20230906161244.0
007 t|
008 030326s1973 sp ||||1| spa d
100 1 _aColomar, Orencia.
_939809
245 1 0 _aQuizología /
_cOrencia Colomar.
250 _a1ª ed.
260 _a[Barcelona] :
_bPlaza & Janés,
_c[1973]
300 _a316 p., 4 lám. :
_bil. ;
_c22 cm.
852 _aES-MaACL
_jC-49734
_bR.84897
999 _c45655
_d45655